| 000 | 00547nam a22002057a 4500 | ||
|---|---|---|---|
| 999 |
_c524942 _d524942 |
||
| 003 | NUST | ||
| 005 | 20190627084423.0 | ||
| 008 | 190627b ||||| |||| 00| 0 eng d | ||
| 020 | _a969-8527-23-0 | ||
| 038 | _aWaseem | ||
| 082 |
_a491.421 _bABB |
||
| 100 |
_aAbbas, Afzal _915741 |
||
| 245 |
_aDhian Dhianian / _cAfzal Abbas |
||
| 260 |
_aLahore : _bMaktaba-e-jadeed, _c2002. |
||
| 300 | _a117 p. ; | ||
| 500 | _aPaperback. | ||
| 880 |
_6100-01\r _aافضل عباس |
||
| 880 |
_6245-02\r _aدھیاں دھیانیاں / |
||
| 942 |
_2ddc _cBK |
||